[Event "Berkeley Summer IM 2019"]
[Site "Berkeley"]
[Date "2019.08.20"]
[Round "8.1"]
[White "Belakovskaia, Anjelina"]
[Black "Hernandez Moya, Yuleisy"]
[Result "1/2-1/2"]
[WhiteElo "2191"]
[BlackElo "2199"]
[Annotator "TA"]
[PlyCount "78"]
[EventDate "2019.08.14"]
[EventType "tourn"]
[EventCountry "USA"]
[SourceTitle "playchess.com"]
[Source "ChessBase"]
[SourceQuality "1"]

{[%evp 9,78,24,23,33,78,67,106,86,110,33,46,36,24,-50,-38,-56,-45,-41,-38,-25,-13,-3,-25,-26,0,-22,0,-6,-6,-18,-16,-121,-18,-45,-37,-60,-66,-25,0,0,0,-27,-29,-31,-17,-31,0,0,0,0,0,0,0,0,0,0,0,0,0,0,0,0,0,0,0,0,0,0,0,0,0]} 1. d4 f5 2. c4 g6 3. Nc3 Nf6 4. h4 h6 (4... Bg7 5. h5 e6 6. hxg6 hxg6 7. Rxh8+ Bxh8 8. Nh3 Qe7 9. Bg5 Qf7 10. g3 d5 11. Bg2 c6 12. Qb3 Nbd7 13. O-O-O {1-0 (24) Mamedyarov,S (2768)-Lu,S (2627) Doha 2016}) 5. h5 g5 $1 6. e4 {A85: Dutch Defence: 2 c4 Nf6 3 Nc3} d6 7. Bd3 e6 8. Nge2 {White is better.} Nc6 9. d5 $146 ({White should try} 9. f4 $16) ({Predecessor:} 9. a3 Bg7 10. Qc2 fxe4 11. Nxe4 Nxe4 12. Bxe4 O-O 13. Be3 d5 14. Bf3 Ne7 15. Ng3 c6 16. Qd3 Nf5 17. Ne2 {½-½ (17) Gerola,P (2026)-Glinz,G Buenos Aires 1999}) 9... Ne5 10. exf5 exf5 11. Ng3 (11. f4 $11 Nxd3+ 12. Qxd3) 11... f4 $15 12. Nf5 Nxd3+ 13. Qxd3 Qd7 14. Nd4 Qh7 $36 {[%mdl 2048] Black has the initiative.} 15. Qe2+ $1 Qe7 16. Ne6 {[#] Nxc7+ is the strong threat.} Bxe6 (16... Kf7 {seems wilder.} 17. Nb5 Bxe6 18. dxe6+ Kg8 19. O-O Rh7) 17. dxe6 c6 18. b4 Bg7 {Threatens to win with ...Ne4!} 19. Bb2 O-O 20. O-O (20. O-O-O $1 $11 {was the only way to keep the balance.}) 20... Ne8 (20... g4 $17 {Hoping for ...f3.} 21. g3 f3) 21. Rfe1 Rf5 22. Qe4 Re5 $1 {[%cal Re5e4]} 23. Qg6 Nf6 24. Rxe5 dxe5 25. Ne4 Nxe4 26. Qxe4 Qxe6 27. Rd1 Qe7 28. c5 {The position is equal.} Rd8 29. Rxd8+ Qxd8 30. Qg6 Qe7 31. f3 Qf7 {[#] Strongly threatening ...Qxg6.} 32. Qd6 Qxa2 33. Bxe5 Qf7 34. Bxg7 Kxg7 $11 {KQ-KQ} 35. Qd4+ Kh7 36. Qd3+ Kg8 37. Qd8+ Kg7 38. Qd4+ Kh7 39. Qd3+ Kg8 {Accuracy: White = 48%, Black = 41%.} 1/2-1/2

[Event "Berkeley Summer IM 2019"]
[Site "Berkeley"]
[Date "2019.08.20"]
[Round "8.2"]
[White "Uyanga, Byambaa"]
[Black "Matras-Clement, Agnieszka"]
[Result "1-0"]
[WhiteElo "2114"]
[BlackElo "2260"]
[Annotator "TA"]
[PlyCount "97"]
[EventDate "2019.08.14"]
[EventType "tourn"]
[EventCountry "USA"]
[SourceTitle "playchess.com"]
[Source "ChessBase"]
[SourceQuality "1"]

{[%evp 9,97,24,33,24,35,1,17,25,31,-12,46,37,56,60,60,60,58,58,49,52,59,55,53,52,72,59,50,35,34,0,0,0,0,-36,-29,-51,-24,-31,-26,-23,0,-47,-25,-62,-59,-67,-77,-60,-25,-22,0,0,88,76,136,174,174,159,486,140,215,169,183,156,519,519,855,817,1056,1015,1380,822,1423,1382,1393,1283,29980,29981,29982,29981,29979,29956,3630,2933,29989,29990,29990,29991,29992,29993]} 1. e4 c6 2. d4 d5 3. e5 c5 4. Nf3 Nc6 5. dxc5 Bg4 6. c3 {B12: Caro-Kann: Advance Variation} e6 7. b4 Nge7 8. Nbd2 {The position is equal.} Ng6 9. Qa4 Bxf3 (9... Be7 $1 $11) 10. Nxf3 $14 ({Don't play} 10. gxf3 a5 $11) 10... Qc7 11. Be3 $146 ({Predecessor:} 11. Bb5 Ngxe5 12. Nd4 a6 13. Bf4 Ke7 {0-1 (63) Ponomariov,R (2737)-Khenkin,I (2597) Dagomys 2010}) 11... Ngxe5 12. Nxe5 Qxe5 13. Rc1 Be7 14. b5 Nd8 {With the idea ...Bxc5.} 15. Be2 O-O 16. O-O f5 17. Rfe1 (17. Qd4 $5 {[%cal Rd4e5]} Nf7 18. Qxe5 Nxe5 19. c4 $14) 17... Nf7 18. Bf3 Qc7 19. c4 d4 $1 {[%cal Rd4e3]} 20. Bxd4 {[#] Strongly threatening c6.} e5 21. Bb2 {Threatens to win with Bd5.} e4 22. Bh5 Bxc5 23. Bxf7+ Rxf7 24. Rcd1 Re8 25. Qc2 Rfe7 26. Qd2 Kh8 {aiming for ...e3!} 27. Qd5 f4 28. Bd4 Bb4 29. Re2 f3 30. gxf3 {[%cal Re2e4]} Qf4 (30... Rd8 $11 {remains equal.} 31. Qf5 Qxc4) 31. Qh5 $16 Qxf3 (31... b6 $142) 32. Qxf3 exf3 33. Rxe7 Rxe7 $2 {[#]} (33... Bxe7 $16 {is tougher.} 34. Bxa7 Bf6) 34. Bxa7 $2 {[%mdl 4096] Endgame KRB-KRB} (34. Bc3 $1 $18 {[%mdl 512] is more deadly. Intending Rd8+ and mate.} Kg8 (34... Bxc3 35. Rd8+) 35. Bxb4) 34... g5 (34... Kg8 $16) 35. h3 $18 Re2 36. Rd7 Re1+ $2 (36... h5 $16 {is more resistant.}) 37. Kh2 Ba5 (37... Re7 $142) 38. Rxb7 Bd2 39. Kg3 Rh1 40. Bd4+ Kg8 41. c5 Bf4+ 42. Kxf3 Rxh3+ 43. Ke4 Rh1 44. c6 Rc1 45. Rg7+ Kf8 46. Rxh7 Ke8 47. Kd5 {White mates.} Kd8 48. b6 {[%cal Bb5b6,Bb6b7][%mdl 32]} Rc2 49. b7 {Accuracy: White = 58%, Black = 37%.} 1-0

[Event "Berkeley Summer IM 2019"]
[Site "Berkeley"]
[Date "2019.08.20"]
[Round "8.3"]
[White "Ordaz Valdes, Lisandra Teresa"]
[Black "Krush, Irina"]
[Result "0-1"]
[WhiteElo "2393"]
[BlackElo "2417"]
[Annotator "TA"]
[PlyCount "116"]
[EventDate "2019.08.14"]
[EventType "tourn"]
[EventCountry "USA"]
[SourceTitle "playchess.com"]
[Source "ChessBase"]
[SourceQuality "1"]

{[%evp 11,116,0,0,0,0,0,0,0,0,0,0,0,0,-10,-10,-83,-81,-80,-58,-60,-17,-6,-29,-19,-19,-14,-14,-87,-75,-81,-75,-83,-77,-88,-74,-82,-72,-105,-74,-74,-54,-60,-61,-53,-60,-102,-97,-118,-125,-137,-131,-138,-116,-116,-116,-121,-107,-112,-110,-110,-110,-111,-105,-95,0,-110,-108,-122,-104,-120,-117,-113,-119,-135,-118,-118,-108,-118,-125,-121,-114,-116,-116,-130,-129,-127,-127,-176,-188,-206,-155,-210,-194,-316,-312,-305,-297,-276,-250,-761,-761,-29979,-29980,-29980,-29981,-29981,-29982]} 1. d4 d6 2. c4 e5 3. Nc3 exd4 4. Qxd4 Nc6 5. Qd2 Nf6 6. b3 a5 7. Bb2 {A21: English Opening: 1...e5 2 Nc3} a4 8. Rd1 axb3 9. axb3 {The position is equal.} g6 (9... Be7 10. e4 O-O 11. Bd3 Nd7 12. Nd5 Nc5 13. Qc3 Bf6 14. Nxf6+ Qxf6 15. Qxf6 gxf6 16. Bxf6 {½-½ (43) Inarkiev,E (2693)-Najer,E (2670) Moscow 2018}) 10. g3 Bg7 11. Bg2 O-O 12. Nh3 Nd7 $146 {next ...Nc5 is good for Black.} ({Predecessor:} 12... Bf5 13. O-O Re8 14. Rfe1 Nd7 {½-½ (74) Eden,J (2196)-Aubry,Y (2218) Montbeliard 2014}) 13. Ra1 (13. Na4 $11) 13... Rxa1+ $17 14. Bxa1 Nc5 $36 {[%mdl 2048] White is under pressure.} 15. Qd1 Na5 16. b4 {[%mdl 64] Double Attack} Ncb3 17. Bb2 {Threatens to win with Nf4.} Nxc4 {White must now prevent ...Nbd2.} 18. Qxb3 Nxb2 19. Qxb2 (19. Nf4 $11 {keeps the balance.} Bxc3+ 20. Qxc3) 19... Qf6 20. O-O {And now Rc1 would win.} Qxc3 21. Qxc3 Bxc3 22. Rc1 Bxb4 {Hoping for ...c6.} 23. Rxc7 Ba5 24. Rc1 Bg4 25. Ra1 b6 26. e3 Rc8 27. Nf4 Kg7 28. Nd5 Rc5 29. e4 Be6 30. Bf3 Rc2 31. Rb1 Bxd5 32. exd5 {[%mdl 4096] Endgame KRB-KRB} Kf6 33. Kf1 Bc3 34. Bd1 Rd2 35. Be2 Ba5 36. Bf3 Ra2 37. Rb3 Rd2 38. Rb1 $1 Rc2 39. Bd1 Ra2 40. Bb3 Rd2 41. Bc4 Rd4 42. Bb3 Bb4 43. Rd1 Re4 44. Bc2 Rc4 45. Bd3 Rc3 46. Ke2 Ra3 47. Rc1 Bc5 48. f4 h5 49. h3 {[#]} b5 $1 {[%mdl 512]} 50. g4 (50. Bxb5 Re3+) 50... h4 51. g5+ (51. Rf1 $17) 51... Kg7 $19 52. Bxb5 (52. Kd2 $142) 52... Rxh3 53. Rf1 Re3+ 54. Kd2 h3 55. f5 $2 (55. Rh1) 55... gxf5 56. Bd3 {[#]} Rxd3+ $1 {Black mates.} 57. Kxd3 h2 58. Rh1 Bg1 {Accuracy: White = 54%, Black = 86%.} 0-1

[Event "Berkeley Summer IM 2019"]
[Site "Berkeley"]
[Date "2019.08.21"]
[Round "8.4"]
[White "Wang, Annie"]
[Black "Cervantes Landeiro, Thalia"]
[Result "1-0"]
[WhiteElo "2321"]
[BlackElo "2118"]
[Annotator "TA"]
[PlyCount "143"]
[EventDate "2019.08.14"]
[EventType "tourn"]
[EventCountry "USA"]
[SourceTitle "playchess.com"]
[Source "ChessBase"]
[SourceQuality "1"]

{[%evp 11,142,34,32,41,58,41,38,36,31,29,29,32,46,32,41,32,41,17,32,32,25,20,29,22,52,12,29,18,20,9,32,29,37,30,26,23,37,37,50,24,31,0,47,20,20,21,21,13,116,111,123,110,145,47,35,25,34,22,33,12,40,17,30,-12,51,28,68,68,123,131,116,61,74,46,72,47,90,85,85,85,85,77,91,87,93,91,115,87,87,99,223,229,228,218,232,227,249,250,252,242,358,262,277,214,241,229,238,238,366,389,581,564,1616,1563,1350,869,2295,1913,3724,2938,29967,29963,29969,29968,29974,29978,29978,29979,29991,29992,29997,29998,29999]} 1. d4 d5 2. c4 dxc4 3. Nf3 a6 4. e3 Bg4 5. h3 Bh5 6. Bxc4 e6 7. O-O {D22: Queen's Gambit Accepted: 3 Nf3 a6 4 e3} (7. Nc3 Nc6 8. O-O Nf6 9. b3 Bd6 10. Bb2 O-O 11. Be2 Qe7 12. Rc1 Rad8 13. Ne5 Nxe5 14. Bxh5 Ng6 15. Bxg6 hxg6 16. Qf3 c6 17. Rfd1 e5 18. dxe5 Bxe5 19. Rxd8 Rxd8 20. Rd1 b5 {½-½ (62) Giri,A (2785)-Carlsen,M (2855) Bilbao 2016}) 7... Nc6 8. Nbd2 Nf6 9. Be2 {White is slightly better.} Bd6 10. b3 O-O 11. Bb2 Qe7 12. Rc1 Rfd8 13. Nc4 Rac8 14. Nfe5 $146 (14. a3 {is interesting.} Nd5 15. Bd3 Qf6 16. Ncd2 Qh6 17. Re1) ({Predecessor:} 14. Nfd2 Bxe2 15. Qxe2 {0-1 (33) Bazeev,G (2416)-Alekseenko,K (2638) St Petersburg 2018}) 14... Bxe5 15. Bxh5 Nxh5 16. Qxh5 Bf6 17. Qf3 Rd7 18. Nd2 Qf8 19. Ne4 Be7 20. Ng3 Rcd8 21. Nh5 {d5 is the strong threat.} Rd5 22. Nf4 R5d7 23. Nd3 Rd5 24. Rc4 h6 25. Nf4 R5d7 26. Qg4 Bg5 27. Nh5 (27. Nd3 $5 {[%cal Rd3c5]}) 27... f5 28. Qf3 Qf7 29. Nf4 Bf6 (29... Bxf4 $11 {remains equal.} 30. Qxf4 g5) 30. Nd3 $1 $16 Rd5 31. Nc5 Na5 {[#]} 32. Rc2 ({Only move:} 32. Ra4 $1 $16) 32... Be7 $14 33. Nd3 Nc6 34. Nf4 R5d7 35. Rcc1 Bf8 36. Rfd1 Be7 37. a3 Bf6 ({Better is} 37... Bd6 $11) 38. b4 Qe8 39. Nd3 Rd5 (39... Be7 $14) 40. Nc5 $16 Rb8 41. Qf4 (41. Re1 $16) 41... Rd6 $14 42. Ba1 Ne7 43. Qg3 Qg6 44. Qf3 c6 45. Qf4 Rdd8 46. Nxe6 Nd5 47. Qf3 Re8 48. Nf4 Nxf4 49. Qxf4 (49. exf4 {with more complications.} Re4 50. d5 Bxa1 51. Rxa1 Rd8 52. dxc6 Rxd1+ 53. Qxd1 Qxc6 54. Rc1) 49... Bg5 50. Qf3 Rf8 (50... Re4 $16) 51. d5 $18 {[%cal Rd5c6]} f4 {[#] Strongly threatening ...fxe3.} 52. e4 $1 ({Not} 52. dxc6 fxe3 53. c7 Rbe8 $14) 52... cxd5 53. exd5 Qd6 54. Bd4 {And now Bc5 would win.} Rfd8 55. Bc5 Qe5 (55... Qg6 $142 56. d6 Rd7) 56. Re1 Qf5 57. Rcd1 {[%cal Bc1d1,Bd1d5,Bd5f5][%mdl 32]} Rd7 58. d6 b6 59. Rd5 Qf8 (59... Qf7 $142 60. Bd4 Rbd8) 60. Qg4 Qf7 (60... Rf7 {was worth a try.} 61. Bd4 Qc8) 61. Rf5 Qg6 62. Rxg5 {[%mdl 64] Discovered Attack} Qxg5 63. Qxd7 bxc5 64. bxc5 {[%mdl 4096] Endgame KQR-KQR} f3 65. Qg4 Qxc5 66. d7 {White mates.} Qc6 67. gxf3 Rd8 68. Re7 {[%csl Ge7][%cal Rg4g7]} Qf6 69. Re8+ Kf7 70. Qh5+ g6 71. Qd5+ Kg7 72. Qg8# {Accuracy: White = 55%, Black = 33%.} 1-0

[Event "Berkeley Summer IM 2019"]
[Site "Berkeley"]
[Date "2019.08.21"]
[Round "8.5"]
[White "Lujan, Carolina"]
[Black "Saikhanchimeg, Tsogtsaikhan"]
[Result "1-0"]
[WhiteElo "2352"]
[BlackElo "2011"]
[Annotator "TA"]
[PlyCount "131"]
[EventDate "2019.08.14"]
[EventType "tourn"]
[EventCountry "USA"]
[SourceTitle "playchess.com"]
[Source "ChessBase"]
[SourceQuality "1"]

{[%evp 21,130,5,39,37,74,45,51,27,59,0,72,74,81,6,82,9,40,1,47,6,64,48,70,0,74,72,77,61,57,71,60,72,60,0,0,0,0,-2,45,35,31,34,42,47,67,16,24,0,0,0,0,-14,-14,-199,-201,-204,-120,-100,-8,-31,-16,-253,-235,-225,-241,-256,-227,-440,-375,-423,-212,-252,-234,-238,-238,-225,-237,-332,554,537,554,554,554,554,554,547,543,405,547,541,565,464,440,427,588,535,774,762,1236,1137,29973,409,732,661,29981,29981,29997,29998,29998,29999,29999]} 1. e4 c5 2. Nf3 e6 3. d4 cxd4 4. Nxd4 a6 5. c4 Nf6 6. Nc3 d6 7. Be2 Be7 8. O-O Bd7 9. Be3 Nc6 10. Rc1 O-O 11. Kh1 Rc8 12. f3 {B54: Sicilian: 2...d6 3 d4 cxd4 4 Nxd4, Unusual Lines} (12. Nb3 Ne5 13. Nd2 Bc6 14. f4 Ned7 15. b4 b6 16. Bd3 Bb7 17. a3 Rc7 18. Qe2 Qa8 19. Bg1 Rfc8 {1-0 (44) Svidler,P (2672)-Podzielny,K (2506) Frankfurt 2000}) 12... Kh8 $146 ({Predecessor:} 12... Ne5 13. b3 Qa5 14. f4 Ng6 15. Qe1 b5 16. b4 Qxb4 17. f5 Ne5 18. Nd5 Nxd5 19. exd5 Qxe1 20. Rfxe1 bxc4 21. fxe6 fxe6 22. Nxe6 Bxe6 23. dxe6 {½-½ (61) Strzemiecki,Z (2314)-Smola,M (2231) Chotowa 2009}) 13. b3 Qa5 14. Qe1 {White is slightly better.} Rg8 15. a3 (15. Nc2 $14) 15... Ne5 (15... Nxd4 $11 16. Bxd4 Qxa3) 16. f4 $16 Ng6 17. a4 (17. b4 $16 Qc7 18. g4) 17... Rb8 (17... e5 $11) 18. Qg3 (18. Nc2 $16) 18... Rge8 19. Bd2 Qb6 20. Qd3 Qc5 (20... e5 $11 21. fxe5 Nxe5) 21. Be3 Qa5 22. Bd2 Qc5 $1 23. Nc2 Rbc8 24. b4 Qc7 25. a5 b6 26. axb6 Qxb6 27. Be3 ({Better is} 27. g3 $14) 27... Qb7 $11 28. b5 axb5 29. cxb5 d5 {[%cal Rd5e4]} 30. e5 Ne4 31. Nxe4 dxe4 32. Qb3 Nh4 33. Nd4 (33. Ra1 $14 Nf5 34. Ba7) 33... Bc5 {And now ...Bxd4 would win.} 34. Nc2 Nf5 35. Bxc5 Rxc5 36. Qa3 Rec8 37. Nb4 $2 {[#]} (37. Ne3 $11 Rxc1 38. Rxc1) 37... Rxc1 $1 $19 ({Not} 37... Bxb5 38. Rxc5 Rxc5 39. Na2 $15) 38. Rxc1 Ra8 $36 {[%mdl 2048] Black is in control.} (38... Nd4 $19 39. Rxc8+ Qxc8) 39. Qc3 $17 h6 (39... Bxb5 $17 40. Bxb5 Qxb5 41. Qc8+ {[%mdl 64] Double Attack} Qe8 42. Qxe8+ Rxe8) 40. Nc6 Rc8 41. Qa3 $2 (41. Qc5 $11 {and White is okay.}) 41... Bxc6 $19 42. bxc6 Rxc6 43. Ra1 Rb6 {Hoping for ...Rb1+.} 44. Qc1 $2 (44. Qa8+ Qxa8 45. Rxa8+ Kh7 46. Ra1) 44... Kh7 45. Bg4 Nd4 (45... Rb2 $142 {White must now prevent ...Nh4.} 46. Qe1 e3) 46. Qd1 Nb3 47. Rb1 Nc5 48. Rxb6 Qxb6 49. Qe1 (49. Qd4 $142) 49... Nd3 $4 {[%mdl 8192]} (49... g6 $19 {and life is good for Black. Threatens to win with ...Nd3!} 50. Qg1 Qb4) 50. Qxe4+ $18 {[%mdl 64] [#] Double Attack} g6 51. Qxd3 Qf2 {( -> ...Qe1+)} 52. g3 Kg7 53. Qe2 Qd4 54. Kg2 Qa1 55. Bf3 Qc3 56. Qe4 Qd2+ 57. Be2 Qb2 58. g4 Qd2 59. h4 Qe1 60. h5 gxh5 61. gxh5 (61. f5 $142 Qd2 62. f6+ Kg8 63. gxh5 Qa2 64. Qg4+ Kf8 65. Qg7+ {[%mdl 64] Double Attack} Ke8 66. Qg8+ Kd7 67. Qxf7+ Kc6 68. Kf2) 61... Qh4 (61... Qc1 $142 62. Kf2 Qc5+ 63. Qe3 Qb4) 62. Qf3 Kf8 63. Qa3+ {White mates.} Ke8 64. Bb5+ Kd8 65. Qd6+ Kc8 66. Ba6# {Accuracy: White = 40%, Black = 24%.} 1-0

[Event "Berkeley Summer IM 2019"]
[Site "Berkeley"]
[Date "2019.08.21"]
[Round "9.1"]
[White "Saikhanchimeg, Tsogtsaikhan"]
[Black "Wang, Annie"]
[Result "0-1"]
[WhiteElo "2011"]
[BlackElo "2321"]
[Annotator "TA"]
[PlyCount "72"]
[EventDate "2019.08.14"]
[EventType "tourn"]
[EventCountry "USA"]
[SourceTitle "playchess.com"]
[Source "ChessBase"]
[SourceQuality "1"]

{[%evp 26,100,18,17,12,24,10,8,38,18,40,17,54,0,0,-41,0,0,0,-343,156,-98,-116,-184,-202,-182,31,-219,-206,-278,-262,-271,-261,-467,-401,-508,-486,-996,-499,-506,-496,-494,-505,-498,-483,-587,-581,-704,-706,-742,-670,-740,-740,-707,-709,-809,-664,-806,-805,-799,-776,-752,-745,-719,-676,-770,-787,-1257,-818,-1460,-1414,-1299,-1222,-1204,-1180,-29986,-887]} 1. e4 c5 2. Nf3 d6 3. d4 cxd4 4. Nxd4 Nf6 5. Nc3 Nc6 6. Bg5 e6 7. Qd2 a6 8. O-O-O Bd7 9. f4 Be7 10. Nf3 b5 11. e5 b4 12. exf6 bxc3 13. Qxc3 gxf6 14. Bh4 a5 {B68: Sicilian: Richter-Rauzer: 7...a6 8 0-0-0 Bd7 9 f4 Be7} (14... d5 15. Kb1 Rb8 16. a3 Rg8 17. Bxa6 Qb6 18. Bf1 Ra8 19. Qb3 Qa7 20. Qc3 Rb8 21. Rd3 Na5 22. Nd2 Nc4 23. Nxc4 dxc4 24. Rxd7 Qxd7 25. Bxc4 {1-0 (38) Inarkiev,E (2692)-Gupta,A (2602) Sharjah 2019}) 15. Kb1 Rc8 16. Qe3 Rb8 {The position is equal.} 17. a3 d5 $146 ({Predecessor:} 17... a4 18. Be2 d5 19. Ka1 Rg8 20. Rhg1 Qa5 21. Qc1 Qb6 22. f5 Na5 23. fxe6 fxe6 24. g4 Rc8 25. Qd2 Nc4 26. Bxc4 Rxc4 27. g5 Bxa3 28. c3 Rf4 29. gxf6 {½-½ (29) Kazoks,A (2336)-Liskevich,V (2428) ICCF email 2009}) 18. Ka1 Qc7 19. g4 (19. Be1 $14) 19... O-O 20. f5 Qb7 {[%csl Gb8][%cal Rb7b2]} (20... Nb4 $5 21. axb4 axb4 $11) 21. Rb1 {Strongly threatening Bd3.} d4 ({Don't blunder} 21... exf5 $2 22. Bd3 $18) 22. Qd3 $2 {[%mdl 8192] [#]} (22. Qh6 $11 {and White stays safe.} Nb4 23. Bd3 Nxd3 24. Bxf6 {[%mdl 64] Remove Defender} Bxf6 25. Ng5 Bxg5 26. Qxg5+ Kh8 27. Qf6+ {[%mdl 64] Double Attack} Kg8 28. Qg5+ Kh8 29. Qf6+ {[%mdl 64] Double Attack} Kg8 30. Qg5+) 22... Ra8 $2 {[#]} ({Black should play} 22... Nb4 $1 $19 {[%cal Rb4d3][%mdl 512]} 23. axb4 axb4) 23. Bg2 $2 (23. Qe4 $1 $16) 23... Nb4 $1 $17 {[%cal Rb4d3]} 24. Qd2 (24. Qe2 $17 d3 25. Ne1) 24... Qd5 $19 {[%csl Gb4][%cal Rd5a2]} 25. b3 {[#] Threatens to win with g5.} Nc6 $2 (25... a4 $1 $19 {[%cal Ra4b3] Hoping for ...axb3.} 26. Ne1 Qe5) 26. Bg3 $2 (26. Rb2 $14 {keeps the upper hand.}) 26... Qc5 $40 {[%cal Rc5a3][%mdl 128] Black is out for blood.} ({Not} 26... exf5 27. Rbd1 $15) 27. Rb2 Qxa3+ ({Weaker is} 27... exf5 28. gxf5 Bxf5 29. Ra2 $17) 28. Ra2 Qc5 {aiming for ...a4.} 29. Rd1 $2 (29. fxe6 {was necessary.} fxe6 30. Nxd4 Qxd4+ 31. Qxd4 Nxd4 32. Bxa8 Rxa8 33. Rd1) 29... e5 30. Ne1 {[#]} a4 $1 {[%mdl 512]} 31. bxa4 (31. b4 $142 Nxb4 32. Nd3 Nxd3 33. cxd3) (31. Rxa4 Rxa4+) 31... Qc4 32. Qd3 {[#]} Qxa2+ $1 {[%mdl 576] Decoy} 33. Kxa2 Nb4+ {[%mdl 64] Double Attack} 34. Kb1 Nxd3 35. Nxd3 Rxa4 36. Kc1 h5 {Played: Rf8-c8} 0-1

[Event "Berkeley Summer IM 2019"]
[Site "Berkeley"]
[Date "2019.08.21"]
[Round "9.2"]
[White "Lujan, Carolina"]
[Black "Ordaz Valdes, Lisandra Teresa"]
[Result "0-1"]
[WhiteElo "2352"]
[BlackElo "2393"]
[Annotator "TA"]
[PlyCount "88"]
[EventDate "2019.08.14"]
[EventType "tourn"]
[EventCountry "USA"]
[SourceTitle "playchess.com"]
[Source "ChessBase"]
[SourceQuality "1"]

{[%evp 23,88,13,56,41,45,61,54,5,0,0,5,9,23,17,17,16,21,22,12,21,28,26,22,-15,-8,-44,-16,-48,-34,-33,-41,-175,-163,-168,-174,-189,-169,-331,-321,-368,-359,-420,-406,-406,-383,-399,-387,-366,-307,-584,-584,-688,-675,-29989,-29990,-29990,-29991,-29991,-29992,-29994,-29995,-29997,-29992,-29992,-29993,-29993,-29994]} 1. e4 e5 2. Nf3 Nc6 3. Bc4 Bc5 4. d3 Nf6 5. O-O O-O 6. Bb3 a6 7. h3 h6 8. c3 d6 9. Re1 Ba7 10. Nbd2 {[%cal Bb1d2,Bd2f1,Bf1g3][%mdl 32]} Nh5 11. Nf1 Qf6 12. Be3 Nf4 13. Ng3 {C54: Giuoco Piano: 4 c3 Nf6, main lines with 5 d4 and 5 d3} (13. d4 Ne7 14. Ng3 Neg6 15. Bc2 Nh4 16. Nxh4 Qxh4 17. Qf3 g6 18. Bxf4 Qxf4 19. Qxf4 exf4 20. Ne2 f3 21. Ng3 c5 22. d5 Re8 23. h4 fxg2 24. Kxg2 {1-0 (50) Ganguly,S (2668)-Kayumov,S (2505) Doha 2016}) 13... g6 14. d4 g5 15. d5 $146 {White is slightly better.} ({Predecessor:} 15. dxe5 dxe5 16. Nh2 Na5 17. Ng4 Bxg4 18. Qxg4 Rfd8 19. Rf1 Nxb3 20. axb3 Qg6 21. Bxa7 Rxa7 {½-½ (44) Hernandez Munoz,J (2326)-Aguilar Gomez,P (2301) ICCF email 2007}) 15... Ne7 16. Nh2 Qg7 17. Bc2 Kh8 18. c4 f5 19. exf5 Nxf5 20. Nxf5 Bxf5 21. Bxf5 Rxf5 22. Bxa7 Rxa7 23. Qc2 Rf7 24. c5 Ra8 ({Inferior is} 24... Nxd5 25. cxd6 cxd6 26. Rad1 $16) 25. Qb3 Raf8 26. f3 dxc5 27. Qxb7 {[#]} ({White should play} 27. Ng4 $15) 27... e4 $1 $19 {[%cal Re4f3][%mdl 512]} 28. Rxe4 {[#]} c6 $1 {[%mdl 512]} 29. Qb6 ({Don't go for} 29. Qxc6 $2 Qxb2 30. Qxh6+ {[#]} Kg8 $1 $19 {[%mdl 512]}) 29... cxd5 30. Ree1 $2 (30. Re3 {is a better defense.}) 30... Rb7 31. Qxc5 Rxb2 32. Rab1 {aiming for Rxb2.} Rxg2+ 33. Kh1 Nd3 {[%mdl 64] Double Attack} 34. Qxd5 Nxe1 35. Rxe1 Rc2 36. Qd6 $2 (36. Ng4 {was worth a try.}) 36... Qf6 37. Qd3 Rxa2 {( -> ...Qb2)} 38. Rf1 Qb2 {[%csl Ga2][%cal Rb2h2] Black mates.} 39. Rf2 Qxf2 {[%csl Ga2][%cal Rf2h2]} 40. Qc3+ Kg8 {[%csl Ga2][%cal Rf2h2]} 41. Qc4+ Rf7 {[%csl Ga2][%cal Rf2h2]} 42. Qc8+ Kg7 {[%csl Ga2][%cal Rf2h2]} 43. Qc3+ Kg6 {[%csl Ga2][%cal Rf2h2]} 44. Qc6+ Kh5 {Accuracy: White = 41%, Black = 78%.} 0-1